| 000 | 00567nam a2200193Ia 4500 | ||
|---|---|---|---|
| 003 | SGT | ||
| 020 | _a9788131704820 | ||
| 082 |
_a620.3 _bTHO |
||
| 100 | _aThomson,William T | ||
| 245 | _aTheory of vibrations with applications | ||
| 250 | _a4th Ed. | ||
| 260 |
_bPearson _aN.Delhi _c2013 |
||
| 300 | _a495p. | ||
| 650 | _aMECHANICAL ENGINEERING | ||
| 653 | _aOSCILLATORY MOTION ,FREE VIBRATION OF SINGLE DEGREE-OF-FREEDOM SYSTEMS,RANDOM VIBRATIONS,NONLINEAR VIBRATIONS | ||
| 700 | _aDahleh,Marie Dillon | ||
| 700 | _aPadmananbhan,Chandramouli | ||
| 942 |
_2ddc _cBK |
||
| 999 |
_c5519 _d5519 |
||